000
00317nam a2200097Ia 4500
008
160523s9999 xx 000 0 und d
245
_a
Supply Chain Management - New Perspectives
245
_c
Edited by Sanda Renko
260
_c
2011
856
_u
http://www.intechopen.com/books/supply-chain-management-new-perspectives
999
_c
294907
_d
294907